Neuere Entwicklungen in der Investitionstheorie und- politik

Na minha lista:
Detalhes bibliográficos
Outros Autores: Bombach, Gottfried
Formato: Livro
Idioma:alemão
Publicado em: Tübingen Mohr 1980
Colecção:Schriftenreihe des Wirtschaftswissenschaftlichen Seminars. Ottobeuren bs. 9
Tags: Adicionar Tag
Sem tags, seja o primeiro a adicionar uma tag!

MARC

LEADER 00000nam a2200000 4500
001 c130899
005 20041019155250.8
041 0 |a ger 
044 |a DE 
245 1 0 |a Neuere Entwicklungen in der Investitionstheorie und- politik  |c Herausgegeben Gottfried Bombach 
264 1 |a Tübingen  |b Mohr  |c 1980 
300 |a 540 s. 
490 1 |a Schriftenreihe des Wirtschaftswissenschaftlichen Seminars. Ottobeuren  |v bs. 9 
830 0 |a Schriftenreihe des Wirtschaftswissenschaftlichen Seminars. Ottobeuren  |v bs. 9 
700 1 |a Bombach, Gottfried